000 00466cam a2200181ua 4500
001 3589
008 111121n ii |||gr||||Z||||||asm
040 _cMAIN
082 _a808.8032
100 _aSaikia, Chidananda,
245 1 1 _aRangchuwa prithibir seujia boll
_cby Chidananda Saikia
250 _a1st.
260 _aGuwahati:
_bBani Prakash,988.
300 _a175p:
_bill;
_c23cm.
653 _aAssamese
653 _aRangchuwa prithibir seujia boll
942 _cBK
999 _c3430
_d3430